Spolková republika Nemecko teritoriálne informácie pre exportérov, importérov a investorov

Salvato in:
Dettagli Bibliografici
Altri autori: Burda, Štefan
Natura: Libro
Lingua:slovacco
Pubblicazione: Bratislava Slovenská obchodná a priemyselná komora 1999
Soggetti:
Tags: Aggiungi Tag
Nessun Tag, puoi essere il primo ad aggiungerne!!

MARC

LEADER 00000nam a2200000 4500
001 c117496
005 20221102132855.7
020 |a 80-85588-77-3 
041 0 |a slo 
044 |a SK 
245 1 0 |a Spolková republika Nemecko  |b teritoriálne informácie pre exportérov, importérov a investorov  |c [preklad: Štefan Burda] 
264 1 |a Bratislava  |b Slovenská obchodná a priemyselná komora  |c 1999 
300 |a 144 s. 
610 2 0 |a informácie obchodno-ekonomické 
610 2 0 |a vývoz 
610 2 0 |a dovoz 
610 2 0 |a investície 
610 2 0 |a investori 
610 2 0 |a geografia 
610 2 0 |a obyvateľstvo 
610 2 0 |a história 
610 2 0 |a systémy politické 
610 2 0 |a politika hospodárska 
610 2 0 |a úroveň životná 
610 2 0 |a mena 
610 2 0 |a financie 
610 2 0 |a obchod zahraničný 
610 2 0 |a prostredie ekonomické 
610 2 0 |a trh 
610 2 0 |a marketing 
610 2 0 |a vzťahy obchodné 
610 2 0 |a clá 
610 2 0 |a doprava 
610 2 0 |a ubytovanie 
610 2 0 |a čas pracovný 
610 2 0 |a školy 
610 2 0 |a poistenie zdravotné 
610 2 0 |a adresáre 
610 2 0 |a úrady 
610 2 0 |a firmy 
610 2 0 |a banky 
610 2 0 |a Nemecko 
700 1 |a Burda, Štefan